نظم و نسق عا مہ ميں ا بھر تے ر حجا نا ت (Record no. 174301)

MARC details
000 -LEADER
fixed length control field 00710nam a22001937a 4500
005 - DATE AND TIME OF LATEST TRANSACTION
control field 20210603155825.0
010 ## - LCCN (DPL NO)
LC control number UR-10772
020 ## - INTERNATIONAL STANDARD BOOK NUMBER
Terms of availability 300.00
International Standard Book Number 9789389002676
035 ## - SYSTEM CONTROL NUMBER
System control number U-9327
037 ## - SOURCE OF ACQUISITION
Source of stock number/acquisition DBAD/PUB
Stock number -
082 ## - DEWEY DECIMAL CLASSIFICATION NUMBER
Classification number 320
100 ## - MAIN ENTRY--PERSONAL NAME
Personal name محمد عز يز سہيل
245 ## - TITLE STATEMENT
Title نظم و نسق عا مہ ميں ا بھر تے ر حجا نا ت
Statement of responsibility, etc محمد عز يز سہيل
246 ## - VARYING FORM OF TITLE
Remainder of title Nazm-o-Nasq-e-Aamma Mein Ubharte Rujhanath (Urdu)
Title proper/short title by Mohd. Aziz Sohail
260 ## - PUBLICATION, DISTRIBUTION, ETC. (IMPRINT)
Place of publication, distribution, etc Delhi
Name of publisher, distributor, etc Educational Publishing House
Date of publication, distribution, etc 2019 ء
270 ## - ADDRESS
Address 3191,Vakil Street,Kucha Pandit Lal Kuan,
City Delhi
Postal code 110006
Telephone number 23216162
Fax number -
300 ## - PHYSICAL DESCRIPTION
Extent 192 ص
Dimensions 22 Cm(Hb)
942 ## - ADDED ENTRY ELEMENTS (KOHA)
Source of classification or shelving scheme Dewey Decimal Classification
Item type Urdu Bks
Classification part 320
Call number suffix م ح م
Holdings
Withdrawn status Lost status Not for loan Collection code Home library Current library Date acquired Source of acquisition Cost, normal purchase price Full call number Barcode Copy number Cost, replacement price Koha item type
      Non-fiction Central Library Central Library 03/06/2020 DBAD/PUB 300.00 320 م ح م U-9327 1 300.00 Urdu Bks

© Delhi Public Library
Hit Counter
free hit counter